| 000 | 00646nam a2200205Ii 4500 | ||
|---|---|---|---|
| 003 | JO-AjNU | ||
| 008 | 230605s9999||||xx |||||||||||||| ||und|| | ||
| 040 |
_aJO-AjNU _bara _erda _cJO-AjNU |
||
| 041 | _aara | ||
| 050 | 1 | 4 | _aG525 1998 |
| 100 | 3 |
_aالطيبي، عكاشة عبد المنان, _eauthor _914607 |
|
| 245 | 0 | 0 | _aالتفسيرات العلمية لمثلث برمودا |
| 250 | _aط1 | ||
| 264 | 3 | 1 | _aبيروت: المكتبة الثقافية، 1998 |
| 300 | _a104ص | ||
| 336 |
_atext _btxt _2rdacontent |
||
| 337 |
_aunmediated _bn _2rdamedia |
||
| 338 |
_avolume _bnc _2rdacarrier |
||
| 650 | 4 |
_aمثلث برمودا _914608 |
|
| 999 |
_aA3935 _c7503 _d7503 |
||